书目信息 |
| 题名: |
列奥那多·达·芬奇
|
|
| 作者: | 赫伯特 著 ;冯庆华 , 彭敏 译 | |
| 分册: | ||
| 出版信息: | 青岛 青岛出版社 2009.01 |
|
| 页数: | 88页 | |
| 开本: | 23cm | |
| 丛书名: | 名人传记系列 | |
| 单 册: | ||
| 中图分类: | K835.465.72 | |
| 科图分类: | ||
| 主题词: | ||
| 电子资源: | ||
| ISBN: | 978-7-5436-5090-9 | |
| 000 | 01502nam 2200301 450 | |
| 001 | 012009731716 | |
| 005 | 20091128104405.23 | |
| 010 | @a978-7-5436-5090-9@dCNY16.80 | |
| 100 | @a20091128d2009 em y0chiy0120 ea | |
| 101 | 1 | @achi@ceng |
| 102 | @aCN@b370000 | |
| 105 | @aa z 000yb | |
| 106 | @ar | |
| 200 | 1 | @a列奥那多·达·芬奇@Alie ao na duo·da·fen qi@d= Leonardo da Vinci@e美术家 建筑家 发明家@f詹尼斯·赫伯特著@Fzhan ni si·he bo te zhu@g冯庆华, 彭敏译@Gfeng qing hua,peng min yi@zeng |
| 210 | @a青岛@c青岛出版社@d2009.01 | |
| 215 | @a88页@c图@d23cm | |
| 225 | 2 | @a名人传记系列@Aming ren zhuan ji xi lie |
| 330 | @a文艺复兴始于14世纪初的意大利。在几乎长达300年的时间内,欧洲在艺术、科学和环球探险等方面进行了一场复古、变革运动,取得了辉煌的成就。文艺复兴时期,人们开始以一种前所未有的全新视角来看待周围的世界。列奥那多·达·芬奇是意大利文艺复兴时期最负盛名的美术家、雕塑家、建筑家、工程师、机械师、科学巨匠、大哲学家和发明家。他从少年时代便开始学画,一生中创作了无数画作,其中《蒙娜丽莎》举世闻名。此外,列奥那多还拥有多项发明创造。 | |
| 410 | 0 | @12001 @a名人传记系列 |
| 500 | 10 | @aLeonardo da Vinci@mChinese |
| 517 | 1 | @a美术家 建筑家 发明家@Amei shu jia jian zhu jia fa ming jia |
| 600 | 1 | @a达·芬奇@Ada·fen qi@c(da Vinci, Leonardo)@x传记 |
| 690 | @aK835.465.72@v4 | |
| 701 | 1 | @a赫伯特@Ahe bo te@g(Herbert, Janis)@4著 |
| 702 | 0 | @a冯庆华@Afeng qing hua@4译 |
| 702 | 0 | @a彭敏@Apeng min@4译 |
| 801 | 0 | @aCN@bQSSK@c20091128 |
| 905 | @b767066-70@dK835.465.72@eD005@f5 | |
| 列奥那多·达·芬奇= Leonardo da Vinci:美术家 建筑家 发明家/詹尼斯·赫伯特著/冯庆华, 彭敏译.-青岛:青岛出版社,2009.01 |
| 88页:图;23cm.-(名人传记系列) |
| ISBN 978-7-5436-5090-9:CNY16.80 |
| 文艺复兴始于14世纪初的意大利。在几乎长达300年的时间内,欧洲在艺术、科学和环球探险等方面进行了一场复古、变革运动,取得了辉煌的成就。文艺复兴时期,人们开始以一种前所未有的全新视角来看待周围的世界。列奥那多·达·芬奇是意大利文艺复兴时期最负盛名的美术家、雕塑家、建筑家、工程师、机械师、科学巨匠、大哲学家和发明家。他从少年时代便开始学画,一生中创作了无数画作,其中《蒙娜丽莎》举世闻名。此外,列奥那多还拥有多项发明创造。 |
| ● |
| 相关链接 |
|
|
|
正题名:列奥那多·达·芬奇
索取号:K835.465.72/D005
 
预约/预借
| 序号 | 登录号 | 条形码 | 馆藏地/架位号 | 状态 | 备注 |
| 1 | 767066 | 207670661 | 自科二线404/309社科库 3排2列4层/ [索取号:K835.465.72/D005] | 在馆 | |
| 2 | 767067 | 207670670 | 自科二线404/309社科库 3排2列4层/ [索取号:K835.465.72/D005] | 在馆 | |
| 3 | 767068 | 207670689 | 自科二线404/309社科库 3排2列4层/ [索取号:K835.465.72/D005] | 在馆 | |
| 4 | 767069 | 207670698 | 社科库309/309社科库 101排3列5层/ [索取号:K835.465.72/D005] | 在馆 | |
| 5 | 767070 | 207670705 | 社科库309/309社科库 101排3列5层/ [索取号:K835.465.72/D005] | 在馆 |